|
|
|
|
| LEADER |
00000nta a2200000 i 4500 |
| 001 |
dolg42594 |
| 005 |
20230112092336.0 |
| 008 |
230112s2014 hu om 000 eng d |
| 040 |
|
|
|a BGE Dolgozattár Repozitórium
|b hun
|
| 041 |
|
|
|a en
|
| 100 |
1 |
|
|a Czirkó Dorottya
|
| 245 |
1 |
4 |
|a The shift in the risk attitude of the hedge funds
|b is the name still relevant?
|c Czirkó Dorottya
|h [elektronikus dokumentum]
|
| 260 |
|
|
|c 2014
|
| 695 |
|
|
|a Hadge funds
|
| 695 |
|
|
|a Befektetési alapok
|
| 700 |
1 |
|
|a Nincs adat Nincs adat
|e ths
|
| 856 |
4 |
0 |
|u http://dolgozattar.uni-bge.hu/42594/1/D_16889_UEN9NI%20-%20Czirk%C3%B3%20Dorottya.pdf
|z Dokumentum-elérés
|